Faridhaavin Virundhu / (Record no. 178596)
[ view plain ]
| 000 -LEADER | |
|---|---|
| fixed length control field | 01417nam a22003611i 4500 |
| 005 - DATE AND TIME OF LATEST TRANSACTION | |
| control field | 20200811161638.0 |
| 008 - FIXED-LENGTH DATA ELEMENTS--GENERAL INFORMATION | |
| fixed length control field | 200811s2018 ii a j 000 1 tam d |
| 020 ## - INTERNATIONAL STANDARD BOOK NUMBER | |
| International Standard Book Number | 9789353092344 |
| Terms of availability | RM 12.60 |
| Qualifying information | paperback |
| 040 ## - CATALOGING SOURCE | |
| Original cataloging agency | PPAK |
| Language of cataloging | eng |
| Transcribing agency | PPAK |
| Description conventions | rda |
| 041 ## - LANGUAGE CODE | |
| Language code of text/sound track or separate title | tam |
| Language code of original | eng |
| 082 04 - DEWEY DECIMAL CLASSIFICATION NUMBER | |
| Edition number | 23 |
| Classification number | 823 |
| 090 00 - LOCALLY ASSIGNED LC-TYPE CALL NUMBER (OCLC); LOCAL CALL NUMBER (RLIN) | |
| Classification number (OCLC) (R) ; Classification number, CALL (RLIN) (NR) | 823 |
| Feature heading | SIP |
| Feature heading | K |
| 100 10 - MAIN ENTRY--PERSONAL NAME | |
| Linkage | 880-01 |
| Personal name | Sippy, Maegan Dobson |
| Relator term | author. |
| 240 10 - UNIFORM TITLE | |
| Uniform title | Farida Plans a Feast |
| Language of a work | English, |
| -- | Tamil. |
| 245 10 - TITLE STATEMENT | |
| Linkage | 880-02 |
| Title | Faridhaavin Virundhu / |
| Statement of responsibility, etc. | Written by Maegan Dobson Sippy ; Illustrations by Jayesh Sivan; In Tamil by Thilagavathi |
| 246 ## - VARYING FORM OF TITLE | |
| Display text | Translation of : |
| Title proper/short title | Farida Plans a Feast |
| 250 ## - EDITION STATEMENT | |
| Edition statement | First Tamil Edition |
| 264 #1 - PRODUCTION, PUBLICATION, DISTRIBUTION, MANUFACTURE, AND COPYRIGHT NOTICE | |
| Place of production, publication, distribution, manufacture | Bengaluru, India : |
| Name of producer, publisher, distributor, manufacturer | PRATHAM BOOK , |
| Date of production, publication, distribution, manufacture, or copyright notice | ©2018 |
| 300 ## - PHYSICAL DESCRIPTION | |
| Extent | 16 pages : |
| Other physical details | color illustration ; |
| Dimensions | 22 x 27 cm. |
| 336 ## - CONTENT TYPE | |
| Source | rdacontent |
| Content type term | text |
| -- | still image |
| 337 ## - MEDIA TYPE | |
| Source | rdamedia |
| Media type term | unmediated |
| 338 ## - CARRIER TYPE | |
| Source | rdacarrier |
| Carrier type term | volume |
| 546 ## - LANGUAGE NOTE | |
| Language note | In Tamil. |
| 650 10 - SUBJECT ADDED ENTRY--TOPICAL TERM | |
| Topical term or geographic name entry element | Children's stories, Tamil. |
| 655 #0 - INDEX TERM--GENRE/FORM | |
| Genre/form data or focus term | Tamil picture book. |
| 700 10 - ADDED ENTRY--PERSONAL NAME | |
| Linkage | 880-03 |
| Personal name | Sivan, Jayesh |
| Relator term | illustrator. |
| Linkage | 880-04 |
| Personal name | Thilagavathi |
| Relator term | translator. |
| 880 1# - ALTERNATE GRAPHIC REPRESENTATION | |
| Linkage | 100-01 |
| a | சிப்பி, மேகன் டாப்சன் |
| e | author. |
| Linkage | 245-02 |
| a | ஃபரிதாவின் விருந்து |
| Linkage | 700-03 |
| a | சிவன், ஜெயேஷ் |
| e | illustrator. |
| Linkage | 700-04 |
| a | திலகவதி |
| e | translator. |
| 942 ## - ADDED ENTRY ELEMENTS (KOHA) | |
| Source of classification or shelving scheme | Dewey Decimal Classification |
| Koha item type | Book |
| Withdrawn | Not for loan | Current library | Shelving location | Date acquired | Full call number | Barcode | Date last seen | Koha item type | Total Checkouts | Total Renewals | Date last checked out |
|---|---|---|---|---|---|---|---|---|---|---|---|
| Perpustakaan Alor Setar | Pinjaman Kanak-kanak | 03/09/2020 | K 823 SIP | A01645845 | 03/09/2020 | Book | |||||
| Perpustakaan Kulim | Pinjaman Kanak-kanak | 03/09/2020 | K 823 SIP | A01645846 | 05/08/2023 | Book | 3 | 1 | 15/07/2023 |